00618nam a2200145Ia 4500008004100000050002300041100002600064245011700090260008600207300002000293521002700313942000700340999001900347952010600366140724s9999 xx 000 0 und d aT 58.6b.M491 2014 aMedina, Krystoffer A. aDuplicating requests management system for Southville International School and Colleges /cKrystoffer A. Medina. aLas Piñas, Philippines :bSouthville International School and Colleges,cc2014. a79 p. :c28 cm. aInformation Technology cTH c229315d229315 001040aCLbCLcTHESESd2014-07-24l0oT 58.6 .M491 2014pT0669r2018-05-15 00:00:00w2014-07-24yTH